Personality study of the maladjusted marital behaviour (Record no. 17960)

MARC details
000 -LEADER
fixed length control field 00434nam a2200169Ia 4500
082 ## - DEWEY DECIMAL CLASSIFICATION NUMBER
Classification number TG.0064
100 ## - MAIN ENTRY--AUTHOR NAME
Personal name Ghosh, Ratna
245 #0 - TITLE STATEMENT
Title Personality study of the maladjusted marital behaviour
260 ## - PUBLICATION, DISTRIBUTION, ETC. (IMPRINT)
Year of publication 1975
Name of publisher Calcutta University
300 ## - PHYSICAL DESCRIPTION
Number of Pages 175
650 ## - SUBJECT ADDED ENTRY--TOPICAL TERM
Topical Term Marriage
Form subdivision Annulment
-- India
650 ## - SUBJECT ADDED ENTRY--TOPICAL TERM
Topical Term Adjustment (Psychology)
650 ## - SUBJECT ADDED ENTRY--TOPICAL TERM
Topical Term Marital status
650 ## - SUBJECT ADDED ENTRY--TOPICAL TERM
Topical Term Marriage law
710 ## - ADDED ENTRY--CORPORATE NAME
Corporate name or jurisdiction name as entry element Kundu, R.
942 ## - ADDED ENTRY ELEMENTS (KOHA)
Koha item type Thesis
Source of classification or shelving scheme Dewey Decimal Classification
Holdings
Withdrawn status Lost status Damaged status Not for loan Home library Current library Date acquired Full call number Accession Number Price effective from Koha item type
        NASSDOC Library NASSDOC Library 08/10/2004 TG.0064 10443 18/04/2019 Thesis